| 000 | 00402nam a22001697a 4500 | ||
|---|---|---|---|
| 003 | NUST - PNEC | ||
| 005 | 20170116181028.0 | ||
| 008 | 150918b xxu||||| |||| 00| 0 eng d | ||
| 020 | _a- | ||
| 040 | _cLIBRARY | ||
| 082 | _a621.8 BEG | ||
| 100 |
_910925 _aBeggs, Joseph Stiles |
||
| 245 |
_aMechanism _cJoseph Stiles Beggs |
||
| 260 | _cc.1955 | ||
| 650 |
_910926 _aMechanism _xME |
||
| 942 |
_2ddc _cBK |
||
| 999 |
_c67628 _d67628 |
||